01275nam a22001217a 4500008004100000100004400041245012200085260001800207300003600225520078100261650009301042773001801135230215b ||||| |||| 00| 0 eng d aPanda, R., Lahoti, S. and Prabhu, R.R.  aExamining socio-economic inequalities in tobacco cessation in India: An analysis of the global adult tobacco survey 2 aProductivity  a62(4), Jan-Mar, 2022: p.355-367 aThe aim of this study is to examine the socio-economic patterns of tobacco cessation among tobacco users (smokers as well as smokeless tobacco users). Data on tobacco users was derived from the Global Adult Tobacco Survey 2016-17 (GATS-2). Univariate and multivariate logistic regression was used to examine the association of socio-demographic variables with tobacco cessation outcomes. Tobacco users of lower socio-economic status were found to be less successful in quitting, compared with their counterparts of higher socio-economic. The inequalities identified suggest targeted interventions for particular groups of tobacco users. Decreases in morbidity and mortality attributable to tobacco will have long-term effects on productivity of the population. – Reproduced  aSocio-economic inequalities, Tobacco cessation, lysis of the global adult tobacco survey aProductivity